Public policy and the resolution of societal conflicts: an appraisal of the Indian experience (Record no. 501531)

000 -LEADER
fixed length control field 00553cam a22001577a 4500
008 - FIXED-LENGTH DATA ELEMENTS--GENERAL INFORMATION
fixed length control field 180718b1991 xxu||||| |||| 00| 0 eng d
082 ## - DEWEY DECIMAL CLASSIFICATION NUMBER
Classification number APPPA 90-91 MIS
100 ## - MAIN ENTRY--PERSONAL NAME
Personal name Misra, Chuden Tshering
245 ## - TITLE STATEMENT
Title Public policy and the resolution of societal conflicts: an appraisal of the Indian experience
Statement of responsibility, etc. by Chuden Tshering Misra
260 ## - PUBLICATION, DISTRIBUTION, ETC.
Place of publication, distribution, etc. New Delhi
Name of publisher, distributor, etc. Indian Institute of Public Administration
Date of publication, distribution, etc. 1991
300 ## - PHYSICAL DESCRIPTION
Extent 94p.
650 ## - SUBJECT ADDED ENTRY--TOPICAL TERM
Topical term or geographic name entry element Conflict resolution
650 ## - SUBJECT ADDED ENTRY--TOPICAL TERM
Topical term or geographic name entry element Public policies
650 ## - SUBJECT ADDED ENTRY--TOPICAL TERM
Topical term or geographic name entry element Public policies-India
650 ## - SUBJECT ADDED ENTRY--TOPICAL TERM
Topical term or geographic name entry element Societal conflicts
Holdings
Withdrawn status Lost status Damaged status Not for loan Permanent Location Current Location Date acquired Full call number Barcode Date last seen Price effective from Koha item type
        Indian Institute of Public Administration Indian Institute of Public Administration 2018-08-04 APPPA 90-91 MIS GR12449 2018-08-04 2018-08-04 GR

Powered by Koha